Logo BPK

Biblioteka

Politechniki Koszalińskiej

Metody i systemy komputerowe w automatyce i Elektrotechnice : (Rekord nr 38390)

Szczegóły MARC
000 -ETYKIETA REKORDU
podpole kontrolne o stałej długości 01382nam a2200277 i 4500
001 - NUMER KONTROLNY REKORDU
pole kontrolne bg
040 ## - ŹRÓDŁO KATALOGOWANIA
Instytucja, która utworzyła rekord BPK
041 0# - KOD JĘZYKA
Kod języka tekstu enpl
080 ## - UNIWERSALNA KLASYFIKACJA DZIESIĘTNA - UKD
UKD 004:621.3:681.5](061.3)
008 - POLE O STAŁEJ DŁUGOŚCI - DANE KONTROLNE
podpole kontrolne o stałej długości s pl f |000 0 pol
245 00 - TYTUŁ/ODPOWIEDZIALNOŚĆ
Tytuł Metody i systemy komputerowe w automatyce i Elektrotechnice :
Ciąg dalszy tytułu III MSKAE'99.Cz.2, Materiały : Środkowoeuropejska III Konferencja Naukowo-Techniczna, 17-18 września 1999 Częstochowa - Poraj /
Pozostałe elementy strefy tytułu i oznaczenia odpowiedzialności Politechnika Częstochowska. Wydział Elektryczny.
246 11 - WARIANT TYTUŁU
Tytuł Numerical methods and computer systems in automatic control and electrical engineering
246 11 - WARIANT TYTUŁU
Tytuł Komp'juternye metody i sistemy v avtomatike i elektrotechnike
260 ## - STREFA ADRESU WYDAWNICZEGO
Miejsce wydania Częstochowa :
Nazwa wydawcy/dystrybutora Wydaw. PC,
Data publikacji, dystrybucji/powstania dokumentu 1999.
300 ## - STREFA OPISU FIZYCZNEGO
Objętość XII, 197-415 s. :
Inne cechy fizyczne rys., wykr. ;
Rozmiary 29 cm.
500 ## - UWAGI OGÓLNE
Tekst uwagi Tyt. równol.: "Numerical methods and computer systems in automatic control and electrical engineering", "Komp'juterne metody i sistemy v avtomatike i elektrotechnike".
500 ## - UWAGI OGÓLNE
Tekst uwagi Tekst częśc. w jęz. ang. i ros. Streszcz. pol., ang., ros.
504 ## - UWAGA DOTYCZĄCA BIBLIOGRAFII
Informacje o bibliografii Bibliogr. przy ref. - Indeks autorów.
650 #9 - HASŁO PRZEDMIOTOWE W FORMIE NAZWY OGÓLNEJ LUB JEDNOSTKOWEJ
Nazwa ogólna lub geograficzna Systemy informatyczne
Określnik ogólny stosowanie
650 #9 - HASŁO PRZEDMIOTOWE W FORMIE NAZWY OGÓLNEJ LUB JEDNOSTKOWEJ
Nazwa ogólna lub geograficzna Symulacja
Określnik ogólny stosowanie
-- technika
650 #9 - HASŁO PRZEDMIOTOWE W FORMIE NAZWY OGÓLNEJ LUB JEDNOSTKOWEJ
Nazwa ogólna lub geograficzna Automatyka
Określnik ogólny zagadnienia
650 #9 - HASŁO PRZEDMIOTOWE W FORMIE NAZWY OGÓLNEJ LUB JEDNOSTKOWEJ
Nazwa ogólna lub geograficzna Elektrotechnika
Określnik ogólny zagadnienia
655 ## - TERMIN INDEKSOWY - OKREŚLENIE RODZAJU/FORMY DOKUMENTU
Określenie rodzaju/formy dokumentu Materiały konferencyjne
710 0# - HASŁO DODATKOWE - NAZWA CIAŁA ZBIOROWEGO
Nazwa ciała zbiorowego lub jednostki geograficznej Politechnika Częstochowska
Nazwa jednostki podrzędnej Wydział Elektryczny
942 ## - DODATKOWE ELEMENTY (KOHA)
Typ dokumentu Książka
Egzemplarze
Wycofany Status egzemplarza Uszkodzony Dostępność Lokalizacja stała Lokalizacja bieżąca Miejsce przechowywania Sygnatura Kod kreskowy Typ dokumentu
      Dostępny Biblioteka Politechniki Koszalińskiej Biblioteka Politechniki Koszalińskiej Wypożyczalnia BG 55921 01511017 Książka
© 2023 Biblioteka Politechniki Koszalińskiej :: KOHA